000 00875nmm a2200277 a 4500
001 ocm000604354
003 TR-IsHL
005 20201028134650.0
008 131203s2010 tu tur
007 cr cn
020 _a9786053670452
035 _a604354
_b(N$T)
050 0 4 _aPL248.O38
_bI8 2010
090 0 4 _aPL248.O38
_bI8 2010
100 1 _aOkur, Ekmel Ali
245 1 0 _aIşığı arayan çocuk
_h[electronic resource] /
_cEkmel Ali Okur ; ed. İbrahim Özbay
260 _aİstanbul :
_bAkis Kitap,
_c2010
300 _a128 p.
650 4 _aDil ve Edebiyat
650 4 _aLanguage and Literature
650 0 _aTürk romanı
650 0 _aTurkish fiction
650 7 _aLITERARY COLLECTIONS / Middle Eastern
_2bisacsh
700 1 _aÖzbay, İbrahim
856 4 0 _uhttp://search.ebscohost.com/login.aspx?direct=true&scope=site&db=e011xww&AN=604354
999 _c6317
_d6317